Multiple-Choice-Stadtquiz Hannover - Statistiken

Allgemein
  • Dieses Quiz wurde 1.727 mal gespielt
  • Das Durchschnittsergebnis liegt bei 6 aus 10
Antwortstatistiken
Frage Antwort % Korrekt
Richtig oder Falsch? Hannover trägt „Hansestadt“ im Namen. Falsch
89%
Welcher Fluss fließt durch Hannover? Leine
77%
Welcher dieser Gärten liegt NICHT in Hannover? Englischer Garten
72%
Wie heißt der größte See in Hannover? Maschsee
72%
Welche bekannte Band stammt aus Hannover? The Scorpions
69%
Welche berühmte Königin hat Vorfahren aus Hannover? Königin Victoria von Großbritannien
65%
Welcher hannoversche Philosoph war einflussreich für die Aufklärung? Gottfried Wilhelm Leibniz
59%
Wähle das Neue Rathaus von Hannover aus.
55%
Welche besondere Bedeutung hat das Messegelände in Hannover? Es ist das größte Messegelände der Welt
45%
Die Truppen welches Landes marschierten 1945 in Hannover ein? USA
20%
Keine übereinstimmenden Quizze gefunden
Verteilung der Resultate
Anzahl Personen mit jedem Resultat
Perzentil nach korrekt beantworteten Fragen
Ihre Resultats-Entwicklung
Sie haben dieses Quiz noch nicht gespielt